Olešnická polka
| Main Author: | Doško, Ada, 1937-1999 |
|---|---|
| Other Authors: | Pecha, Antonín, 1959-, Beneš, Zdeněk, 1959- |
| Language: | Czech |
| Published: |
Praha : Kubešovo hudební vydavatelství, [199-?] |
| Physical Description: |
1 řídící hlas + 14 hlasů ; 30 cm |
| LEADER | 01289ncm a2200361 a 4500 | ||
|---|---|---|---|
| 001 | 000728046 | ||
| 003 | CZ BrMZK | ||
| 005 | 20111101142107.0 | ||
| 007 | qu | ||
| 008 | 040810nuuuuuuuuxr dfade cze d | ||
| 024 | 2 | |a M-66055-286-5 | |
| 028 | 0 | 0 | |a 30-0040 |b Kubešovo hudební vydavatelství |
| 040 | |a BOA001 |b cze | ||
| 048 | |b vu02 |a of | ||
| 072 | 7 | |a 788 |x Hudba pro dechové nástroje |2 Konspekt |9 9 | |
| 080 | |a 788 |2 MRF | ||
| 080 | |a 785.12 |2 MRF | ||
| 080 | |a 78.087 |2 MRF | ||
| 100 | 1 | |a Doško, Ada, |d 1937-1999 |7 xx0006100 |4 cmp |4 lyr | |
| 245 | 1 | 0 | |a Olešnická polka |h [hudebnina] / |c Ada Doško |
| 254 | |a Partitura a hlasy | ||
| 260 | |a Praha : |b Kubešovo hudební vydavatelství, |c [199-?] | ||
| 300 | |a 1 řídící hlas + 14 hlasů ; |c 30 cm | ||
| 501 | |a Společně s: Chotěnická polka / hudba Antonín Pecha; text Zdeněk Beneš | ||
| 650 | 0 | 4 | |a dechová hudba (zpěv, dechová hudba) |
| 650 | 0 | 4 | |a polky (zpěv, dechová hudba) |
| 655 | 7 | |a hlasy |7 fd186703 |2 czenas | |
| 700 | 1 | 2 | |a Pecha, Antonín, |d 1959- |7 mzk2005290039 |4 cmp |
| 700 | 1 | 2 | |a Beneš, Zdeněk, |d 1959- |7 mzk2011667989 |4 lyr |
| 740 | 0 | 2 | |a Chotěmická polka |
| 910 | |a BOA001 |b Mus4-1137.614 | ||
| 990 | |a MU | ||
| 996 | 6 | |b 2610222482 |c Mus4-1137.614 |l MZK |r Sklad / do 1 hodiny |n 1 |w 000728046 |u 000010 |a 1 |e BOA001 |j MZK50 |s P | |
English
Čeština 